000 01694nam a2200481 i 4500
001 21763
003 KOSZ 005
005 20210409101145.0
008 991116s1982 pl a f |001 0 pol
015 _aPB 1982/9016
020 _a8320801281
035 _a991011917869705066
035 _a(PL-WaBN)b13233488-48omnis_nlop
035 _ab13233488
035 _a(OCoLC)69570772
035 _a(PL)b0000001323348
035 _a(EXLNZ-48OMNIS_NETWORK)9910007828005606
040 _aWA N
_cWA N
_dKOSZ 005/EG
041 1 _apol
_heng
046 _k1982
080 _a 330.43
100 1 _aKlein, Lawrence Robert
_d(1920-2013)
_eAutor
245 1 0 _aWykłady z ekonometrii /
_cLawrance R. Klein ; wstęp i rozdz. 2 napisał Władysław Welfe; [tł. z ang. A. Bartłomiej Czyżewski et al.].
246 1 _iTyt. oryg.:
_aLectures in econometries
260 _aWarszawa :
_bPańst. Wydaw. Ekonomiczne,
_c1982.
300 _a311, [1] s. :
_bil. 1 mapa, tab. wykr. ;
_c21 cm.
336 _2rdacontent
_aTekst
_btxt
337 _2rdamedia
_aBez urządzenia pośredniczącego
_bn
338 _2rdacarrier
_aWolumin
_bnc
380 _aKsiążki
380 _aPublikacje fachowe
388 _a1901-2000
388 _a1945-1989
504 _aIndeks.
650 7 _aEkonometria
_2DBN
658 _aGospodarka, ekonomia, finanse
700 1 _aCzyżewski, Adam B.
_eTłumaczenie
700 1 _aWelfe, Władysław
_d(1927-2013)
_ePrzedmowa
710 2 _aPaństwowe Wydawnictwo Ekonomiczne
_4pbl
856 _uhttp://koha.tu.koszalin.pl/cgi-bin/koha/opac-detail.pl?biblionumber=21763
_yKatalog online BPK
942 _2UKD
_cKS
999 _c21763
_d21763